01504nam a2200217 4500001000700000003000900007005001700016008004100033040004900074041000800123082002000131110004400151245030300195260005900498300003100557505051000588651004401098942001201142999001901154952011301173113965DR-UNIBE20250729084752.0250728b sp ||||| |||| 00| 0 spa d aBIBLIOTECA UNIBEbspacBIBLIOTECA UNIBEerda aspa 222a342.46 E76c10aEspaña. Constitucióneautor910032610a Constitución española :baprobada por las Cortes el 31 de octubre de 1978. Ratificada por el pueblo españl en referendum de 6 de diciembre de 1978. Sancionada por S.M. el Rey ante las Cortes el 27 de diciembre de 1978 y publicada en el Boletín Oficial del Estado el 29 de diciembre de 1978 a Madrid :bEditorial Goñi, c[Fecha no identificada] a88 páginas :c14 x 10 cm aPreámbulo | Título preliminar | Título primero. De los derechos y deberes fundamentales | Título II. De la corona | Título III. De las cortes generales | Título IV. Del gobierno y de la administración | Título V. De kas relaciones entre el Gobierno y las Cortes geberales Título VI. Del poder judicial | Título VII. Economía y hacienda | Título VIII. De la organización territorial del Estado | Título IX. Del tribunal constitucional | Título X. De la reforma constitucional  7aEspañaxConstitución (1978)9197775 2ddccBK c113965d113965 00102ddc708GENaPrincipald2025-06-10l0o342.46 E76cp250931r2025-07-28 16:10:48tEj. 1w2025-07-28yBK